000
00332nam a22001337a 4500
008
180124b xxu||||| |||| 00| 0 eng d
020
_a
9241800089
041
_a
eng
080
_a
61
100
_a
3
101
_a
shm
245
_a
seventh general progarmme of work covering the period 1984-1989
_c
john.p
942
_2
udc
_c
BK
999
_c
40863
_d
40863